000 00581nab a2200205 a 4500
001 113223
003 200515
005 20201118120433.0
008 ||||||n9999 ||| || ||
100 _aMcAllister, J.F.O.
245 0 _aAgreeing to disagree
300 _a44 - 47
500 _aAnalisis sobre el debate en la Gran Bretaña acerca si aceptan o no la implementaciòn del Euro como moneda unica.
562 _e0
650 _aGRAN BRETAÑA
650 _aUNIÓN EUROPEA
773 _091583
_aTime - Vol.161 No.21
942 _cSART
999 _c113223
_d113223